Automatización del sistema de información del control de ventas en la empresa Ecochem Nicaragua S.A

Presenta la implementación de un sistema automatizado de información de las ventas en la empresa Ecochem Nicaragua S.A para la obtención de la información fluido dentro de las estructuras jerárquicas, optimizando sus recursos. Muestra el análisis del entorno empresarial, su estructura, las fun...

Full description

Bibliographic Details
Main Author: Flores Morales, Cinthya Isayana
Other Authors: Tutor: Espinoza Aragón; Evelyn del Carmen
Format: Tesis Section = Libro
Language:Undetermined
Spanish
Published: Managua UNI 2009
Subjects:
LEADER 01368nam a2200253Ia 4500
008 240830s9999 xx 000 0 und d
040 |a BIBLIOTECA-RUPAP Mon 025.04 F634 
041 |a spa 
082 |a Mon 025.04 F634 
100 1 |a Flores Morales, Cinthya Isayana 
245 1 0 |a Automatización del sistema de información del control de ventas en la empresa Ecochem Nicaragua S.A 
260 |a Managua  |b UNI  |c 2009 
300 |a 102 p. :il. 
500 |a Contiene: anexos e Incluye: CD. 
502 |a Tesis (Ingeniero de Sistemas)- UNI, 2009. 
520 3 |a Presenta la implementación de un sistema automatizado de información de las ventas en la empresa Ecochem Nicaragua S.A para la obtención de la información fluido dentro de las estructuras jerárquicas, optimizando sus recursos. Muestra el análisis del entorno empresarial, su estructura, las funciones y políticas actuales de la empresa. Presenta el análisis correspondiente orientado a objeto que permite conocer con precisión el comportamiento del sistema auxiliándonos del lenguaje UML 
650 7 |a SISTEMA DE INFORMACIÓN AUTOMATIZADO 
650 7 |b ADMINISTRACIÓN DE SISTEMAS DE INFORMACIÓN 
650 7 |c SISTEMA DE RECOLECCIÓN DE DATOS 
650 7 |d DISEÑO DE RED 
700 1 |a Tutor:  |b Espinoza Aragón; Evelyn del Carmen 
942 |c BK  |2 ddc 
991 |a TESIS 
999 |c 15373